|
|
|
|
| LEADER |
00000nab a2200000 a 4500 |
| 001 |
vtls011112072 |
| 003 |
SK-MaSNL |
| 005 |
20260303125202.0 |
| 008 |
230218|1979 xo |||||||||||||||||ger| |
| 015 |
|
|
|a SNBRB
|
| 035 |
|
|
|a (uuid)95fffa09-d874-483e-b699-2afc2675717f
|
| 035 |
|
|
|a (urnnbn)urn:nbn:sk:snk:ar-a08fyv
|
| 035 |
|
|
|a urn:nbn:sk:snk-ab9ijw
|
| 040 |
|
|
|a SNKBUCL
|b slo
|c SNKBUCL
|e AACR2
|
| 041 |
0 |
|
|a ger
|
| 044 |
|
|
|a xo
|c SK
|
| 100 |
1 |
|
|a Macko, Jozef Kazimír,
|d 1927-
|4 aut
|9 37748
|
| 245 |
1 |
0 |
|a ÜBERSICHTLICHE ANGABEN ÜBER DIE NICHTTAXONOMISCHE ARSTRUKTUR BEI DEN HELMINTHEN
|c J. K. Macko
|
| 773 |
0 |
|
|t Folia veterinaria
|g Roč. 23, č. 3-4 (1979), s. 135-159
|
| 958 |
|
|
|a OND
|
| 958 |
|
|
|a EUIPO
|
| 958 |
|
|
|a article13
|
| 999 |
|
|
|c 1933521
|d 1935451
|